| 000 | 00702nam a2200217Ii 4500 | ||
|---|---|---|---|
| 003 | JO-AjNU | ||
| 008 | 230605s9999||||xx |||||||||||||| ||und|| | ||
| 017 | _a2004/3/584 | ||
| 040 |
_aJO-AjNU _bara _erda _cJO-AjNU |
||
| 041 | _aara | ||
| 050 | 1 | 4 | _aRJ101.M2312 2004 |
| 100 | 3 |
_aعكااشة ، عبدالمنان محمود, _eauthor _921728 |
|
| 245 | 0 | 0 | _aالعناية بالام والطفل |
| 250 | _aط1 | ||
| 264 | 3 | 1 | _aعمان:الاخوة للنشر والتوزيع ، 2004 |
| 300 | _a184ص | ||
| 336 |
_atext _btxt _2rdacontent |
||
| 337 |
_aunmediated _bn _2rdamedia |
||
| 338 |
_avolume _bnc _2rdacarrier |
||
| 650 | 4 |
_aرعاية الحوامل -المراة الحامل _921729 |
|
| 999 |
_aA7597 _c11165 _d11165 |
||